| 000 | 01705nam2a2200301 4500 | ||
|---|---|---|---|
| 001 | RU\NLR\bibl\1103879 | ||
| 005 | 20250615055902.0 | ||
| 010 |
_a978-5-7782-0761-5 _9150 |
||
| 021 |
_aRU _b2007-34999 _91860 |
||
| 035 | _a(NLR Aleph) 001090956 | ||
| 090 |
_a1117980 _c1117980 |
||
| 100 | _a20070629d2007 |||y0rusy50 ca | ||
| 101 | 0 | _arus | |
| 102 | _aRU | ||
| 105 | _aa ||||||||| | ||
| 200 | 1 | _aЭлектрохимические реакторы и процессы с проточными углеродными электродами | |
| 210 |
_d2007 _aБ. м. |
||
| 215 |
_a123,[1] с. _cил. |
||
| 313 | _aБлагородные металлы. Гидрометаллургия | ||
| 320 | _aБиблиогр.: с. 121-122 949 назв.) | ||
| 461 | 0 |
_1001RU\NLR\bibl\985414 _12001#$aСовременные проблемы технической электрохимии$vЧ. 3 _9412820 _aВаренцов, В. К. _cНовосибирск _d2005 _fВ.К. Варенцов _nИзд-во НГТУ _oучебное пособие : [для студентов и аспирантов технических и химикотехнологических вузов специальности "Технология электротехнических поизводств"] _tСовременные проблемы технической электрохимии _vЧ. 3 |
|
| 606 | 1 |
_aБлагородные металлы _jУчебные издания для высшей школы _xГидрометаллургия _92294956 _3RU\NLR\auth\661374248 |
|
| 686 | _aК334.5я73-1 | ||
| 801 | 0 |
_aRU _bNLR _c20070629 _gRCR |
|
| 801 | 1 |
_aRU _bNLR _c20070629 |
|
| 942 | _cBOOK | ||
| 980 | _aNB | ||